| 000 | 00820nam a22002297a 4500 | ||
|---|---|---|---|
| 001 | BD-DhSAU 1300 | ||
| 003 | BD-DhSAU | ||
| 005 | 20150114120118.0 | ||
| 008 | 150114s1992 ii |||| ||| 001 0 eng d | ||
| 020 | _a8120406516 | ||
| 040 | _aBD-DhSAU | ||
| 082 |
_222 _a595.3 _bEME |
||
| 245 |
_aEmerging trends in biological control of phytophagous insects / _cedited by T N Ananthakrishnan. |
||
| 260 |
_aNew Delhi : _bOxford & IBH Pub. Co., _cc1992. |
||
| 300 |
_axii, 255 p. ; _g22 cm. |
||
| 504 | _aIncludes index. | ||
| 590 | _amukta | ||
| 650 | _aEntomology | ||
| 650 |
_aPhytophagous insects _vBiological control _zCongresses. |
||
| 700 | _aAnanthakrishnan, T N | ||
| 856 | _uhttps://www.worldcat.org/title/emerging-trends-in-biological-control-of-phytophagous-insects/oclc/27960667&referer=brief_results | ||
| 942 |
_2ddc _cBOOK |
||
| 999 |
_c1300 _d1300 |
||